La Corona de Aragón y el Mediterráneo : (Record n. 5527)
[ formato base ]
| 000 -LEADER | |
|---|---|
| fixed length control field | 01291nam a2200265 i 4500 |
| 003 - CONTROL NUMBER IDENTIFIER | |
| control field | IT-RoINE |
| 005 - DATE AND TIME OF LATEST TRANSACTION | |
| control field | 20190506084829.0 |
| 008 - FIXED-LENGTH DATA ELEMENTS--GENERAL INFORMATION | |
| fixed length control field | 960115s1984 sp r 100 spa d |
| 020 ## - INTERNATIONAL STANDARD BOOK NUMBER | |
| International Standard Book Number | 8400058291 |
| 040 ## - CATALOGING SOURCE | |
| Original cataloging agency | UCM.GHI |
| Modifying agency | UZ.FL |
| Transcribing agency | IT-RoINE |
| 111 2# - MAIN ENTRY--MEETING NAME | |
| 9 (RLIN) | 11764 |
| Meeting name or jurisdiction name as entry element | Congreso de historia de la Corona de Aragón |
| Number of part/section/meeting | (9º. |
| Date of meeting | 1973. |
| Location of meeting | Nápoles, Italia) |
| 245 13 - TITLE STATEMENT | |
| Title | La Corona de Aragón y el Mediterráneo : |
| Remainder of title | aspectos y problemas comunes desde Alfonso el Magnánimo a Fernando el Católico (1416-1516) : IX Congreso de Historia de la Corona de Aragón, Nápoles, 11-15 abril 1973. |
| 260 ## - PUBLICATION, DISTRIBUTION, ETC. (IMPRINT) | |
| Place of publication, distribution, etc | Zaragoza : |
| Name of publisher, distributor, etc | Institución Fernando el Católico, |
| Date of publication, distribution, etc | 1984. |
| 300 ## - PHYSICAL DESCRIPTION | |
| Extent | 318 p. ; |
| Dimensions | 24 cm. |
| 336 ## - CONTENT TYPE | |
| Source | rdacontent |
| Content type term | text |
| 337 ## - MEDIA TYPE | |
| Source | rdamedia |
| Media type term | unmediated |
| 338 ## - CARRIER TYPE | |
| Source | rdacarrier |
| Carrier type term | volume |
| 490 1# - SERIES STATEMENT | |
| Series statement | Publicación de la Institución Fernando el Católico ; |
| Volume number/sequential designation | 998 |
| 500 ## - GENERAL NOTE | |
| General note | En la port.: Comisión Permanente de los Congresos de Historia de la Corona de Aragón, Institución Fernando el Católico de Zaragoza |
| 505 1# - FORMATTED CONTENTS NOTE | |
| Formatted contents note | V. 4: Comunicaciones. |
| 651 #4 - SUBJECT ADDED ENTRY--GEOGRAPHIC NAME | |
| 9 (RLIN) | 11765 |
| Geographic name | Aragón (Reino) |
| General subdivision | Historia |
| Chronological subdivision | Siglos 15o.-16o. |
| Form subdivision | Congresos |
| 710 2# - ADDED ENTRY--CORPORATE NAME | |
| 9 (RLIN) | 137 |
| Corporate name or jurisdiction name as entry element | Institución Fernando el Católico (Zaragoza, España) |
| 830 #0 - SERIES ADDED ENTRY--UNIFORM TITLE | |
| 9 (RLIN) | 11162 |
| Uniform title | Publicación ... de la Institución Fernando el Católico |
| Volume number/sequential designation | 998 |
| 942 ## - ADDED ENTRY ELEMENTS (KOHA) | |
| Item type | Monografías |
| Withdrawn status | Lost status | Damaged status | Not for loan | Home library | Current library | Date acquired | Total Checkouts | Full call number | Barcode | Date last seen | Price effective from | Koha item type | Public note |
|---|---|---|---|---|---|---|---|---|---|---|---|---|---|
| Iglesia Nacional Española en Roma | Iglesia Nacional Española en Roma | 15/09/2014 | HIS.ESP.2. 242.4 | 6740 | 15/09/2014 | 15/09/2014 | Monografías | V. 4: Comunicaciones |